[Event "Amager Klubmesterskab Basis 2008"]
[Site "Sundbyoster"]
[Date "2008.01.22"]
[Round "1"]
[White "Larsen, Kim"]
[Black "Larsen, Julie"]
[Result "1-0"]
[WhiteElo "1470"]
[BlackElo "1011"]
[PlyCount "73"]
[EventDate "2008.??.??"]

1. d4 d5 2. Nf3 Nc6 3. c4 dxc4 4. e4 Bg4 5. Be3 Nf6 6. Nc3 e6 7. a3 Na5 8. Qa4+
c6 9. Ne5 Bh5 10. Bxc4 Nxc4 11. Qxc4 Bd6 12. Nxc6 Qc7 13. e5 Be7 14. exf6 Bxf6
15. Nb5 Qd7 16. Ncxa7 O-O 17. O-O e5 18. f3 Rfe8 19. dxe5 Rxe5 20. Bd4 Rf5 21.
Bxf6 Rxf6 22. Rad1 Qf5 23. Qd5 Qxd5 24. Rxd5 Re8 25. Rxh5 g6 26. Rd5 Rfe6 27.
Nc7 R6e7 28. Nxe8 Rxe8 29. Rfd1 Kg7 30. b4 Re3 31. R5d3 Re2 32. b5 Re7 33. Rd7
Re3 34. R1d3 Re1+ 35. Kf2 Rb1 36. Rxb7 Rb2+ 37. Kg3 1-0

[Event "Amager Klubmesterskab Basis 2008"]
[Site "Sundbyoster"]
[Date "2008.01.22"]
[Round "1"]
[White "Pedersen, Claus"]
[Black "Christiansen, Peter"]
[Result "1-0"]
[WhiteElo "1159"]
[BlackElo "1450"]
[PlyCount "39"]
[EventDate "2008.??.??"]

1. e4 c5 2. c3 d6 3. d4 cxd4 4. cxd4 Nf6 5. Nc3 a6 6. Bf4 g6 7. Nf3 Bg7 8. Bc4
b5 9. Bb3 O-O 10. O-O Bb7 11. Re1 e6 12. Qc2 b4 13. e5 Bxf3 14. gxf3 Nh5 15.
Ne2 Nxf4 16. Nxf4 Qg5+ 17. Ng2 dxe5 18. dxe5 Bxe5 19. Qe4 Bxh2+ 20. Kxh2 1-0

[Event "Amager Klubmesterskab Basis 2008"]
[Site "Sundbyoster"]
[Date "2008.01.22"]
[Round "1"]
[White "Herup, Charni"]
[Black "Kokholm, Henrik"]
[Result "1-0"]
[WhiteElo "1379"]
[BlackElo "1000"]
[PlyCount "37"]
[EventDate "2008.??.??"]

1. d4 g6 2. e4 Bg7 3. Nc3 d6 4. Be3 a6 5. Qd2 b5 6. Bd3 Nd7 7. Nge2 Bb7 8. a3
e6 9. Bg5 Qc8 10. f3 c5 11. dxc5 dxc5 12. Ng3 Qc7 13. O-O f6 14. Bf4 e5 15. Be3
f5 16. exf5 gxf5 17. Nxf5 c4 18. Nxg7+ Kf7 19. Bxc4+ 1-0

[Event "Amager Klubmesterskab Basis 2008"]
[Site "Sundbyoster"]
[Date "2008.01.22"]
[Round "1"]
[White "Nielsen, Bjorn"]
[Black "Friis, Jordy"]
[Result "0-1"]
[WhiteElo "1122"]
[BlackElo "1218"]
[PlyCount "128"]
[EventDate "2008.??.??"]

1. e4 c6 2. d4 d5 3. e5 Bf5 4. Nf3 e6 5. Be3 Nd7 6. Be2 Ne7 7. O-O Ng6 8. c3
Be7 9. Nbd2 Nb6 10. Re1 O-O 11. Nf1 Nh4 12. Ng3 Nxf3+ 13. Bxf3 Bg6 14. Bh5 Nc4
15. Bc1 c5 16. b3 Nb6 17. Bf3 cxd4 18. cxd4 Rc8 19. a4 Bc2 20. Qe2 Bxb3 21. Ba3
Bxa4 22. Bxe7 Qxe7 23. Nh5 a6 24. g3 Bb5 25. Qe3 Nc4 26. Qf4 h6 27. h4 f6 28.
Qg4 fxe5 29. Rxe5 Nxe5 30. dxe5 Kh8 31. Nf4 Rxf4 32. gxf4 Rf8 33. Bd1 Rc8 34.
Qg6 Qe8 35. Qg3 Qf7 36. Kh2 Rc4 37. Be2 Rxf4 38. Bxb5 axb5 39. Ra8+ Kh7 40. Kg1
Qg6 41. Kg2 Qxg3+ 42. fxg3 Rf5 43. Rb8 Rxe5 44. Rxb7 d4 45. Rd7 b4 46. Rxd4 Rb5
47. Re4 e5 48. Kf2 b3 49. Re1 b2 50. Rb1 Kg6 51. Kf3 h5 52. Ke4 Kf6 53. Rf1+
Ke6 54. Rb1 Rb4+ 55. Ke3 Kf5 56. Kf3 e4+ 57. Ke2 Kg4 58. Kf2 Rb3 59. Kf1 Kxg3
60. Ke1 Kxh4 61. Kd2 Kg3 62. Kc2 Rb8 63. Rxb2 Rxb2+ 64. Kxb2 h4 0-1

[Event "Amager Klubmesterskab Basis 2008"]
[Site "Sundbyoster"]
[Date "2008.03.23"]
[Round "1"]
[White "Gade, Jens"]
[Black "Sorensen, Johnny"]
[Result "1-0"]
[WhiteElo "1454"]
[BlackElo "1347"]
[PlyCount "61"]
[EventDate "2008.??.??"]

1. d4 Nf6 2. c4 g6 3. Nf3 Bg7 4. Nc3 d6 5. e4 Nbd7 6. Be2 c6 7. O-O O-O 8. Re1
Qc7 9. Qc2 e5 10. dxe5 dxe5 11. h3 a6 12. Be3 b6 13. Red1 Bb7 14. b4 Rad8 15.
a4 c5 16. bxc5 bxc5 17. Nd5 Nxd5 18. cxd5 Qd6 19. Rab1 Ba8 20. Qc4 f5 21. exf5
Rxf5 22. Ng5 Nb6 23. Qxa6 Rf6 24. Ne4 Qe7 25. Nxf6+ Bxf6 26. Qxb6 Qf7 27. Qxc5
Bxd5 28. Rxd5 Rxd5 29. Bc4 Rxc5 30. Bxf7+ Kxf7 31. Bxc5 1-0

[Event "Amager Klubmesterskab Basis 2008"]
[Site "Sundbyoster"]
[Date "2008.01.29"]
[Round "2"]
[White "Larsen, Kim"]
[Black "Pedersen, Claus"]
[Result "1-0"]
[WhiteElo "1470"]
[BlackElo "1159"]
[PlyCount "47"]
[EventDate "2008.??.??"]

1. e4 Nc6 2. Nf3 e5 3. d4 f5 4. Bg5 Be7 5. Bxe7 Qxe7 6. c3 fxe4 7. Nxe5 Nxe5 8.
dxe5 Qxe5 9. Qe2 b6 10. Nd2 Nf6 11. O-O-O Bb7 12. f3 d5 13. fxe4 dxe4 14. h3
O-O-O 15. Qe3 Rhe8 16. Bc4 b5 17. Bb3 Rd3 18. Qe2 Rg3 19. Nf1 Qg5+ 20. Kb1 Rxg2
21. Qe3 Rxb2+ 22. Kxb2 Qg2+ 23. Nd2 a5 24. Rdg1 1-0

[Event "Amager Klubmesterskab Basis 2008"]
[Site "Sundbyoster"]
[Date "2008.01.29"]
[Round "2"]
[White "Larsen, Julie"]
[Black "Friis, Jordy"]
[Result "0-1"]
[WhiteElo "1011"]
[BlackElo "1218"]
[PlyCount "64"]
[EventDate "2008.??.??"]

1. e4 c5 2. Nf3 d6 3. d4 cxd4 4. Nxd4 Nf6 5. Nc3 Nc6 6. Bb5 Bd7 7. Qd3 a6 8.
Ba4 Ne5 9. Qe2 Bxa4 10. Nxa4 Qa5+ 11. Nc3 Nc6 12. Nb3 Qc7 13. Bf4 g6 14. O-O
Bg7 15. Rad1 O-O 16. Rfe1 Rad8 17. Nc5 Nh5 18. Nd5 Nxf4 19. Nxf4 dxc5 20. Nd5
Qa5 21. Qc4 Rd6 22. Nf4 Qb4 23. Qe2 Rxd1 24. Rxd1 Qxb2 25. Nh3 Qxa2 26. Rf1 Nd4
27. Qg4 Qxc2 28. Qh4 h6 29. Kh1 b5 30. Qf4 b4 31. Rc1 Ne2 32. Qe3 Nxc1 0-1

[Event "Amager Klubmesterskab Basis 2008"]
[Site "Sundbyoster"]
[Date "2008.01.29"]
[Round "2"]
[White "Christiansen, Peter"]
[Black "Herup, Charni"]
[Result "1-0"]
[WhiteElo "1450"]
[BlackElo "1379"]
[PlyCount "65"]
[EventDate "2008.??.??"]

1. e4 Nc6 2. Nf3 d6 3. d4 Bg4 4. Be2 Bxf3 5. Bxf3 e5 6. c3 b5 7. a4 a6 8. d5
Nce7 9. axb5 axb5 10. Rxa8 Qxa8 11. Na3 Qa4 12. Qxa4 bxa4 13. Bd1 f5 14. Bxa4+
Kd8 15. f3 Nf6 16. Bc2 c6 17. dxc6 Nxc6 18. exf5 d5 19. O-O Bd6 20. Rd1 h6 21.
h3 Ke7 22. Nb5 Rb8 23. Nxd6 Kxd6 24. b3 Rc8 25. Ba3+ Kd7 26. Bb2 Ke7 27. g4 Rd8
28. b4 Rc8 29. Ba4 Nd8 30. Bb3 Kd6 31. Ra1 e4 32. fxe4 Nxe4 33. Ra6+ 1-0

[Event "Amager Klubmesterskab Basis 2008"]
[Site "Sundbyoster"]
[Date "2008.01.29"]
[Round "2"]
[White "Sorensen, Johnny"]
[Black "Nielsen, Bjorn"]
[Result "1/2-1/2"]
[WhiteElo "1347"]
[BlackElo "1122"]
[PlyCount "130"]
[EventDate "2008.??.??"]

1. d4 d5 2. c4 Nf6 3. Nc3 e6 4. Bg5 Be7 5. Nf3 dxc4 6. e3 Nd5 7. Bxe7 Nxe7 8.
Bxc4 O-O 9. Qc2 Nd7 10. Rd1 Nf6 11. O-O c6 12. Bd3 Ng6 13. Ne5 Nd5 14. a3 Nde7
15. f4 b6 16. b4 Bb7 17. b5 Rc8 18. Qf2 cxb5 19. Nxb5 a6 20. f5 exf5 21. Nxg6
fxg6 22. Qe2 axb5 23. Bxb5 Be4 24. Rd2 Nd5 25. Bc4 Kh8 26. Bd3 Qe7 27. a4 Nc3
28. Qf2 Bxd3 29. Rxd3 Ne4 30. Qb2 Qd6 31. Rb3 Rb8 32. Rb1 f4 33. Rf1 h6 34. Rf3
g5 35. Qe2 Rbc8 36. Qd1 Rc3 37. Rxc3 Nxc3 38. Qd3 Qc7 39. exf4 gxf4 40. Qxc3
Qb8 41. d5 Qd6 42. Qd4 Kh7 43. g3 g5 44. gxf4 Rf5 45. Qe4 Kg6 46. fxg5 Qxd5 47.
Qxd5 Rxd5 48. gxh6 Rd1+ 49. Kg2 Rb1 50. Rh3 Kh7 51. Kf2 Rb4 52. Ra3 Kxh6 53. a5
bxa5 54. Rxa5 Rb6 55. Kf3 Rg6 56. Kf4 Rf6+ 57. Kg4 Rd6 58. h4 Rg6+ 59. Rg5
Rxg5+ 60. hxg5+ Kg6 61. Kf4 Kg7 62. Kf5 Kf7 63. g6+ Kg7 64. Kg5 Kg8 65. Kf6 Kf8
1/2-1/2

[Event "Amager Klubmesterskab Basis 2008"]
[Site "Sundbyoster"]
[Date "2008.02.19"]
[Round "3"]
[White "Pedersen, Claus"]
[Black "Larsen, Julie"]
[Result "1-0"]
[WhiteElo "1159"]
[BlackElo "1011"]
[PlyCount "59"]
[EventDate "2008.??.??"]

1. e4 e5 2. c3 Nf6 3. Qc2 d5 4. exd5 Nxd5 5. g3 Nc6 6. Bg2 Nf6 7. Ne2 Bc5 8.
O-O O-O 9. Rd1 Nd5 10. b4 Bb6 11. b5 Qf6 12. Rf1 Nce7 13. c4 Nb4 14. Qb3 Bc5
15. a3 Bb6 16. Qxb4 e4 17. Bb2 Qf5 18. Qxe7 Bc5 19. Qxc7 Re8 20. Nd4 Bb6 21.
Nxf5 Bxc7 22. Nxg7 Rf8 23. Bxe4 f6 24. Nh5 Bh3 25. Re1 Kh8 26. Nxf6 Bb6 27.
Nd7+ Kg8 28. Bd5+ Rf7 29. Nxb6 h6 30. Nxa8 1-0

[Event "Amager Klubmesterskab Basis 2008"]
[Site "Sundbyoster"]
[Date "2008.02.19"]
[Round "3"]
[White "Herup, Charni"]
[Black "Larsen, Kim"]
[Result "1-0"]
[WhiteElo "1379"]
[BlackElo "1470"]
[PlyCount "41"]
[EventDate "2008.??.??"]

1. d4 d5 2. e4 dxe4 3. Nc3 e5 4. Qh5 Qxd4 5. Be3 Nf6 6. Qe2 Qb4 7. O-O-O Bc5 8.
Bd2 Bd4 9. a3 Qd6 10. Nxe4 Nxe4 11. Qxe4 Qb6 12. c3 f5 13. Qe2 Bxf2 14. Qxe5+
Qe6 15. Qxg7 Qg8 16. Qxc7 Nd7 17. Nh3 Bb6 18. Re1+ Kf7 19. Qd6 Qf8 20. Bc4+ Kg7
21. Bh6# 1-0

[Event "Amager Klubmesterskab Basis 2008"]
[Site "Sundbyoster"]
[Date "2008.02.19"]
[Round "3"]
[White "Nielsen, Bjorn"]
[Black "Kokholm, Henrik"]
[Result "1/2-1/2"]
[WhiteElo "1122"]
[BlackElo "1000"]
[PlyCount "61"]
[EventDate "2008.??.??"]

1. e4 d5 2. d3 dxe4 3. dxe4 Qxd1+ 4. Kxd1 b6 5. Nf3 Bb7 6. Nc3 Nf6 7. Bd3 Nc6
8. Bf4 O-O-O 9. Kd2 Nb4 10. Ne5 Rg8 11. Rad1 Ng4 12. Bg3 e6 13. Kc1 Nxe5 14.
Bxe5 f6 15. Bf4 g5 16. Be3 Rd6 17. f3 Be7 18. Kb1 Rgd8 19. a3 Nxd3 20. cxd3 Ba6
21. d4 c5 22. d5 exd5 23. Rxd5 Rxd5 24. Nxd5 Kd7 25. h3 Ke6 26. Kc2 Bc4 27.
Nxe7 Kxe7 28. Kc1 Bb3 29. Bd2 Ke6 30. Bc3 Rd3 31. Re1 1/2-1/2

[Event "Amager Klubmesterskab Basis 2008"]
[Site "Sundbyoster"]
[Date "2008.02.19"]
[Round "3"]
[White "Gade, Jens"]
[Black "Christiansen, Peter"]
[Result "0-1"]
[WhiteElo "1454"]
[BlackElo "1450"]
[PlyCount "85"]
[EventDate "2008.??.??"]

1. f4 d5 2. Nf3 c5 3. e3 Nf6 4. Be2 Nc6 5. O-O g6 6. d4 cxd4 7. exd4 Bg7 8. c3
O-O 9. Ne5 Nxe5 10. fxe5 Ne4 11. Nd2 f5 12. exf6 exf6 13. Nf3 Bg4 14. Qb3 b6
15. Be3 Re8 16. c4 dxc4 17. Bxc4+ Kh8 18. Bd5 Rc8 19. Bxe4 Rxe4 20. Nd2 Rxd4
21. Bxd4 Qxd4+ 22. Rf2 Bh6 23. Nf1 Re8 24. Qf7 Re2 25. Qxf6+ Bg7 26. Qf4 Qxf2+
27. Qxf2 Rxf2 28. Kxf2 Bxb2 29. Re1 Bf6 30. h3 Bd7 31. g4 h5 32. Kf3 hxg4+ 33.
hxg4 g5 34. Ng3 Bc6+ 35. Ne4 Be5 36. Rc1 Bb7 37. Rd1 Bc6 38. Rd8+ Kg7 39. Ke3
Bf4+ 40. Kd4 a6 41. a3 a5 42. Rc8 Bb7 43. Rc1 0-1

[Event "Amager Klubmesterskab Basis 2008"]
[Site "Sundbyoster"]
[Date "2008.02.19"]
[Round "3"]
[White "Friis, Jordy"]
[Black "Sorensen, Johnny"]
[Result "1/2-1/2"]
[WhiteElo "1218"]
[BlackElo "1347"]
[PlyCount "62"]
[EventDate "2008.??.??"]

1. e4 e5 2. Nf3 Nc6 3. Bb5 Bc5 4. c3 f5 5. exf5 d6 6. d4 Bb6 7. dxe5 Bxf5 8.
Bg5 Qd7 9. O-O Nge7 10. exd6 cxd6 11. Re1 Bd8 12. Nd4 O-O 13. Nd2 Rf7 14. N2f3
Ng6 15. Bxd8 Rxd8 16. Bc4 d5 17. Bb5 Rdf8 18. c4 Nf4 19. Ne5 Qc8 20. Nxf7 Rxf7
21. Qd2 Nxg2 22. cxd5 Nxe1 23. dxc6 bxc6 24. Bc4 Be6 25. Bxe6 Qxe6 26. Rxe1
Qg6+ 27. Kh1 Rd7 28. Qe3 c5 29. Nc6 Qxc6+ 30. Kg1 Rd8 31. Qe6+ Qxe6 1/2-1/2

[Event "Amager Klubmesterskab Basis 2008"]
[Site "Sundbyoster"]
[Date "2008.02.26"]
[Round "4"]
[White "Christiansen, Peter"]
[Black "Nielsen, Bjorn"]
[Result "1-0"]
[WhiteElo "1450"]
[BlackElo "1122"]
[PlyCount "27"]
[EventDate "2008.??.??"]

1. e4 e5 2. f4 Qh4+ 3. g3 Qf6 4. fxe5 Qxe5 5. Nc3 Bc5 6. Nf3 Qe7 7. d4 Bb6 8.
Bc4 d5 9. Bxd5 h6 10. Ne5 Kf8 11. Nxf7 Rh7 12. Rf1 Nf6 13. Ne5 c6 14. Ng6+ 1-0

[Event "Amager Klubmesterskab Basis 2008"]
[Site "Sundbyoster"]
[Date "2008.02.26"]
[Round "4"]
[White "Larsen, Julie"]
[Black "Sorensen, Johnny"]
[Result "0-1"]
[WhiteElo "1011"]
[BlackElo "1347"]
[PlyCount "58"]
[EventDate "2008.??.??"]

1. e4 e5 2. Nf3 Nc6 3. Nc3 Bc5 4. Bc4 Nf6 5. O-O O-O 6. d3 d6 7. Bg5 Bg4 8. Nd5
Nd4 9. Nxf6+ gxf6 10. Be3 Nxf3+ 11. gxf3 Bh3 12. Re1 Kh8 13. Kh1 Bxe3 14. fxe3
f5 15. exf5 d5 16. Bb5 Rg8 17. f4 Bg2+ 18. Kg1 Bf3+ 19. Kf1 Bxd1 20. Raxd1 Qh4
21. Re2 Qh3+ 22. Ke1 c6 23. fxe5 Qxf5 24. d4 Rg7 25. Rf2 Rg1+ 26. Ke2 Qg4+ 27.
Kd2 Qxd1+ 28. Kc3 Qe1+ 29. Kb3 Qxf2 0-1

[Event "Amager Klubmesterskab Basis 2008"]
[Site "Sundbyoster"]
[Date "2008.02.26"]
[Round "4"]
[White "Pedersen, Claus"]
[Black "Herup, Charni"]
[Result "0-1"]
[WhiteElo "1159"]
[BlackElo "1379"]
[PlyCount "60"]
[EventDate "2008.??.??"]

1. e4 Nc6 2. d4 e5 3. d5 Nce7 4. b3 Ng6 5. Nf3 Bc5 6. Bc4 Nf6 7. Bb2 Nxe4 8.
O-O d6 9. Qe2 Nf6 10. c3 a6 11. b4 Ba7 12. a4 O-O 13. Bb3 Bg4 14. Nbd2 Re8 15.
Bc2 Nxd5 16. Qe4 Bxf3 17. Nxf3 c6 18. b5 Nf6 19. Qe2 Nf4 20. Qd2 axb5 21. axb5
cxb5 22. Ra2 Bxf2+ 23. Rxf2 Rxa2 24. Bb3 Ra8 25. Ng5 Re7 26. Qc1 h6 27. Nf3 Qb6
28. Bc2 Ng4 29. Qd2 Nxf2 30. Qxf2 Qxf2+ 0-1

[Event "Amager Klubmesterskab Basis 2008"]
[Site "Sundbyoster"]
[Date "2008.02.26"]
[Round "4"]
[White "Larsen, Kim"]
[Black "Gade, Jens"]
[Result "1/2-1/2"]
[WhiteElo "1470"]
[BlackElo "1454"]
[PlyCount "59"]
[EventDate "2008.??.??"]

1. e4 c5 2. Nf3 d6 3. d4 cxd4 4. Nxd4 Nf6 5. Nc3 a6 6. Bd3 e5 7. Nf3 Be7 8. Be3
O-O 9. h3 Bd7 10. O-O b5 11. Qe2 Bc6 12. a3 Nbd7 13. b4 Qc7 14. Ne1 d5 15. exd5
Nxd5 16. Bxh7+ Kxh7 17. Qd3+ Kg8 18. Nxd5 Bxd5 19. Qxd5 Rad8 20. Qb3 Nb6 21.
Bxb6 Qxb6 22. Nd3 e4 23. Nf4 Qd6 24. g3 Bg5 25. Ng2 Rfe8 26. Ne3 Bxe3 27. Qxe3
Qd2 28. Qb3 Rc8 29. Rfd1 Qxc2 30. Qe3 1/2-1/2

[Event "Amager Klubmesterskab Basis 2008"]
[Site "Sundbyoster"]
[Date "2008.02.26"]
[Round "4"]
[White "Kokholm, Henrik"]
[Black "Friis, Jordy"]
[Result "1/2-1/2"]
[WhiteElo "1000"]
[BlackElo "1218"]
[PlyCount "85"]
[EventDate "2008.??.??"]

1. d4 Nf6 2. Nf3 d5 3. e3 c5 4. c4 cxd4 5. exd4 Bf5 6. Nc3 e6 7. a3 Be7 8. Be2
O-O 9. h3 Ne4 10. Nd2 Nxc3 11. bxc3 Nc6 12. g4 Bg6 13. Nf3 Be4 14. Rg1 dxc4 15.
Nd2 Bd5 16. Bf3 Re8 17. Nf1 Na5 18. Ne3 Bxf3 19. Qxf3 Nb3 20. Rb1 Qc7 21. Ke2
Nxc1+ 22. Rgxc1 b6 23. a4 Bg5 24. a5 Rab8 25. Rb5 Bxe3 26. fxe3 bxa5 27. Rc5
Qh2+ 28. Kd1 Qa2 29. Rc7 Qb3+ 30. Kd2 Rf8 31. Rf1 Qb2+ 32. Ke1 Qxc3+ 33. Kf2
Qd3 34. Kg1 f6 35. Kg2 c3 36. Qc6 Qe2+ 37. Rf2 Qxe3 38. Qd7 Qe4+ 39. Kg3 Qg6
40. Qxe6+ Kh8 41. Rxc3 Qe8 42. Qa6 Rc8 43. Ra3 1/2-1/2

[Event "Amager Klubmesterskab Basis 2008"]
[Site "Sundbyoster"]
[Date "2008.03.11"]
[Round "5"]
[White "Herup, Charni"]
[Black "Larsen, Julie"]
[Result "1-0"]
[WhiteElo "1379"]
[BlackElo "1011"]
[PlyCount "73"]
[EventDate "2008.??.??"]

1. d4 d5 2. e4 dxe4 3. Nc3 Nf6 4. f3 Bf5 5. fxe4 Nxe4 6. Nxe4 Bxe4 7. Nf3 Nc6
8. c3 e5 9. Bc4 Qd7 10. O-O O-O-O 11. Ng5 Bg6 12. Bxf7 Qd6 13. Bxg6 hxg6 14.
Nf7 Qe6 15. Nxh8 exd4 16. Nf7 Rd7 17. Qf3 Bd6 18. Nxd6+ Qxd6 19. Qf8+ Nd8 20.
Qxd6 Rxd6 21. cxd4 Rxd4 22. Be3 Rd5 23. Rac1 b6 24. Rf8 Kb7 25. g3 Nc6 26. Rf7
Ne5 27. Rcxc7+ Ka6 28. Rxa7+ Kb5 29. Rab7 Nc4 30. Bf2 Kc6 31. b3 Rd1+ 32. Kg2
Ne5 33. Rxb6+ Kd5 34. Rxg7 Rd2 35. Rbxg6 Nxg6 36. Rd7+ Ke6 37. Rxd2 1-0

[Event "Amager Klubmesterskab Basis 2008"]
[Site "Sundbyoster"]
[Date "2008.03.11"]
[Round "5"]
[White "Gade, Jens"]
[Black "Pedersen, Claus"]
[Result "0-1"]
[WhiteElo "1454"]
[BlackElo "1159"]
[PlyCount "72"]
[EventDate "2008.??.??"]

1. f4 d5 2. Nf3 Nc6 3. e3 a6 4. Be2 Bf5 5. O-O Qd7 6. Ne5 Nxe5 7. fxe5 O-O-O 8.
Kh1 f6 9. exf6 exf6 10. d3 Be6 11. Nd2 Bd6 12. Nf3 Bg4 13. Bd2 h5 14. Ng1 g5
15. Bxg4 hxg4 16. g3 Bxg3 17. Kg2 Bd6 18. Rf2 Rxh2+ 19. Kf1 g3 20. Rg2 g4 21.
Qe2 Rf8 22. Ke1 Ne7 23. Bc3 Rf7 24. Kd1 f5 25. Kc1 Rfh7 26. b3 Rxg2 27. Qxg2
Rh2 28. Qf1 Qc6 29. Bd2 Rf2 30. Qe1 Bb4 31. Ne2 Bxd2+ 32. Kxd2 d4 33. exd4 Nd5
34. Kc1 Ne3 35. c4 f4 36. Nxg3 Qf3 0-1

[Event "Amager Klubmesterskab Basis 2008"]
[Site "Sundbyoster"]
[Date "2008.03.11"]
[Round "5"]
[White "Nielsen, Bjorn"]
[Black "Larsen, Kim"]
[Result "0-1"]
[WhiteElo "1122"]
[BlackElo "1470"]
[PlyCount "126"]
[EventDate "2008.??.??"]

1. e4 c5 2. Bc4 g6 3. Nc3 Bg7 4. Nf3 e6 5. O-O Ne7 6. d3 d5 7. Bb5+ Bd7 8.
Bxd7+ Qxd7 9. exd5 exd5 10. Ne2 b5 11. c3 Nbc6 12. a3 a5 13. Bd2 O-O 14. Rb1
Rfe8 15. Be1 Nf5 16. Qc2 Qe7 17. Ng3 Nxg3 18. fxg3 Qd6 19. Bf2 Ra7 20. Rbd1
Rae7 21. d4 c4 22. Rde1 h6 23. Kh1 f5 24. Rxe7 Rxe7 25. Re1 Re4 26. Qd2 Qe7 27.
Kg1 Kh7 28. Kf1 Bf8 29. Re2 b4 30. Re3 bxa3 31. bxa3 Qxa3 32. Rxe4 fxe4 33. Ne1
Qd6 34. Be3 a4 35. Nc2 Qe7 36. Qc1 Qb7 37. Qa1 Qb3 38. Ne1 Na7 39. Bc1 Nb5 40.
Bb2 a3 41. Bxa3 Qxa3 42. Qxa3 Bxa3 43. Nc2 Bb2 44. Ke2 Bxc3 45. Ke3 Nxd4 46.
Nxd4 Bxd4+ 47. Kxd4 Kg7 48. h4 Kf6 49. g4 Ke6 50. g3 Kd6 51. h5 g5 52. Kc3 e3
53. Kc2 d4 54. Kd1 d3 55. Ke1 d2+ 56. Kd1 c3 57. Ke2 c2 58. Kxe3 d1=Q 59. Ke4
Qxg4+ 60. Kd3 c1=R 61. Kd2 Rf1 62. Kc3 Rf3+ 63. Kc2 Qh3 0-1

[Event "Amager Klubmesterskab Basis 2008"]
[Site "Sundbyoster"]
[Date "2008.03.12"]
[Round "5"]
[White "Friis, Jordy"]
[Black "Christiansen, Peter"]
[Result "0-1"]
[WhiteElo "1218"]
[BlackElo "1450"]
[PlyCount "44"]
[EventDate "2008.??.??"]

1. d4 Nf6 2. c4 g6 3. Nc3 Bg7 4. e4 d6 5. Be2 O-O 6. Bg5 e5 7. d5 a5 8. Qd2 Na6
9. Bh6 Nc5 10. Bxg7 Kxg7 11. f3 Nh5 12. Bd1 f5 13. Nge2 f4 14. g3 fxg3 15. Nxg3
Qh4 16. Rg1 Nf4 17. Bc2 Nh3 18. Rf1 Ng5 19. Qe2 Qf4 20. Na4 Nxa4 21. Bxa4 Nxf3+
22. Kd1 Bg4 0-1

[Event "Amager Klubmesterskab Basis 2008"]
[Site "Sundbyoster"]
[Date "2008.03.31"]
[Round "5"]
[White "Sorensen, Johnny"]
[Black "Kokholm, Henrik"]
[Result "1-0"]
[WhiteElo "1347"]
[BlackElo "1000"]
[PlyCount "57"]
[EventDate "2008.??.??"]

1. d4 g6 2. c4 Bg7 3. Nf3 d6 4. Nc3 c6 5. Bf4 Nf6 6. h3 h5 7. e4 Nbd7 8. Bd3 e5
9. dxe5 dxe5 10. Nxe5 Nxe5 11. Bxe5 O-O 12. Bf4 Re8 13. O-O Nh7 14. Re1 Nf8 15.
Qe2 Ne6 16. Bh2 Ng5 17. h4 Nh7 18. Bg3 Bf6 19. e5 Bxh4 20. Rad1 Bxg3 21. Bxg6
Qh4 22. fxg3 Qxg3 23. Bxh5 Ng5 24. Rd3 Qh4 25. Bf3 Kg7 26. Re3 Nh3+ 27. gxh3
Bxh3 28. Bg2 Qh6 29. Rxh3 1-0

[Event "Amager Klubmesterskab Basis 2008"]
[Site "Sundbyoster"]
[Date "2008.03.18"]
[Round "6"]
[White "Larsen, Julie"]
[Black "Kokholm, Henrik"]
[Result "1-0"]
[WhiteElo "1011"]
[BlackElo "1000"]
[PlyCount "49"]
[EventDate "2008.??.??"]

1. e4 d5 2. exd5 Qxd5 3. Nc3 Qa5 4. d4 c6 5. Nf3 Bf5 6. Bc4 e6 7. Bd2 Bb4 8. a3
Bxc3 9. Bxc3 Qc7 10. O-O Nf6 11. Re1 Nbd7 12. Ng5 Nd5 13. Qf3 N7b6 14. Bxd5
Nxd5 15. Qxf5 Qe7 16. Qg4 f5 17. Qh5+ g6 18. Qh6 O-O-O 19. Rxe6 Qc7 20. Bb4 Qf4
21. Nf7 Qxd4 22. Nxh8 Nf4 23. Rd6 Ne2+ 24. Kf1 Re8 25. Rxd4 1-0

[Event "Amager Klubmesterskab Basis 2008"]
[Site "Sundbyoster"]
[Date "2008.03.18"]
[Round "6"]
[White "Pedersen, Claus"]
[Black "Nielsen, Bjorn"]
[Result "1-0"]
[WhiteElo "1159"]
[BlackElo "1122"]
[PlyCount "59"]
[EventDate "2008.??.??"]

1. e4 e5 2. Nf3 d6 3. Bc4 Nf6 4. d3 Be7 5. Nc3 O-O 6. Be3 Bg4 7. h3 Bd7 8. Qd2
Nc6 9. O-O-O Rb8 10. g4 g6 11. Bh6 Re8 12. h4 Bxg4 13. Qe3 Bxf3 14. Qxf3 Nd4
15. Qg2 Nh5 16. Nb5 Nxb5 17. Bxb5 c6 18. Bc4 Bxh4 19. Rdf1 Nf4 20. Qg4 Bf6 21.
Rh2 Qc8 22. Qf3 Qd8 23. Rfh1 Nh5 24. Rg1 Nf4 25. Bxf4 exf4 26. Qxf4 Bg7 27.
Qxf7+ Kh8 28. Rxh7+ Kxh7 29. Rh1+ Qh4 30. Rxh4# 1-0

[Event "Amager Klubmesterskab Basis 2008"]
[Site "Sundbyoster"]
[Date "2008.03.18"]
[Round "6"]
[White "Christiansen, Peter"]
[Black "Sorensen, Johnny"]
[Result "1/2-1/2"]
[WhiteElo "1450"]
[BlackElo "1347"]
[PlyCount "41"]
[EventDate "2008.??.??"]

1. e4 c6 2. Nf3 d5 3. exd5 cxd5 4. Ne5 Nf6 5. d4 a6 6. Bd3 e6 7. Bg5 Bd6 8. Nd2
Nc6 9. Nxc6 bxc6 10. Nf3 Qc7 11. Qe2 Nd7 12. h4 h6 13. Bd2 c5 14. c3 O-O 15. g4
e5 16. dxe5 Re8 17. O-O-O Nxe5 18. Nxe5 Rxe5 19. Qf3 Bb7 20. Qh3 d4 21. Rhe1
1/2-1/2

[Event "Amager Klubmesterskab Basis 2008"]
[Site "Sundbyoster"]
[Date "2008.03.18"]
[Round "6"]
[White "Larsen, Kim"]
[Black "Friis, Jordy"]
[Result "1/2-1/2"]
[WhiteElo "1470"]
[BlackElo "1218"]
[PlyCount "110"]
[EventDate "2008.??.??"]

1. e4 c5 2. Nf3 d6 3. d4 cxd4 4. Nxd4 Nf6 5. Bd3 Nc6 6. c3 e5 7. Nb3 Be7 8. h3
O-O 9. Be3 Be6 10. O-O d5 11. exd5 Nxd5 12. Bc5 Nf6 13. Bxe7 Qxe7 14. Qe2 Rfd8
15. N1d2 Qd7 16. Bb5 Re8 17. Na5 Qc7 18. Nxc6 bxc6 19. Ba4 Rad8 20. Nf3 Bd5 21.
Rfe1 e4 22. Nd4 Qb6 23. Rad1 Rc8 24. b3 Red8 25. c4 c5 26. Nb5 a6 27. Nc3 Bc6
28. Rxd8+ Rxd8 29. Bxc6 Qxc6 30. Nxe4 Qxe4 31. Qxe4 Nxe4 32. Rxe4 Rd1+ 33. Kh2
f6 34. Re6 a5 35. Ra6 Rd2 36. Rxa5 Rxf2 37. Rxc5 Rxa2 38. b4 Kf7 39. b5 Ke8 40.
b6 Rb2 41. Rb5 Rxb5 42. cxb5 Kd8 43. Kg3 Kc8 44. Kf4 g6 45. Ke4 Kb7 46. Kd5
Kxb6 47. g4 f5 48. gxf5 gxf5 49. Ke5 Kxb5 50. Kxf5 Kc6 51. Kf6 Kd7 52. Kg5 Ke8
53. Kh6 Kf8 54. Kxh7 Kf7 55. h4 Kf8 1/2-1/2

[Event "Amager Klubmesterskab Basis 2008"]
[Site "Sundbyoster"]
[Date "2008.03.18"]
[Round "6"]
[White "Herup, Charni"]
[Black "Gade, Jens"]
[Result "1/2-1/2"]
[WhiteElo "1379"]
[BlackElo "1454"]
[PlyCount "89"]
[EventDate "2008.??.??"]

1. d4 f5 2. e4 fxe4 3. Nc3 Nf6 4. f3 exf3 5. Nxf3 d5 6. Bg5 Bf5 7. Bxf6 gxf6 8.
Bb5+ c6 9. Ba4 Qd6 10. O-O Nd7 11. Nh4 Bg6 12. a3 O-O-O 13. b4 Nb6 14. b5 c5
15. Bb3 cxd4 16. Qxd4 Bg7 17. Na4 e5 18. Qc3+ Kb8 19. Nxb6 Qxb6+ 20. Kh1 Qxb5
21. a4 Qc6 22. Qd2 Be4 23. a5 d4 24. Rfb1 Qc3 25. Qe2 Bd5 26. Ba4 Qc4 27. Qd2
Bf8 28. Bb3 Qc3 29. Qc1 Rg8 30. Bxd5 Rxd5 31. Qf1 Qc6 32. Qf3 Rc5 33. Qf5 Rg7
34. Ra2 e4 35. Qf4+ Re5 36. Nf5 Rd7 37. Rab2 Qd5 38. Rb5 Qe6 39. Nxd4 Rxd4 40.
Rxb7+ Kc8 41. Rb8+ Kc7 42. Rxf8 f5 43. Qe3 Qd6 44. Rf7+ Kc8 45. g3 1/2-1/2

[Event "Amager Klubmesterskab Basis 2008"]
[Site "Sundbyoster"]
[Date "2008.03.25"]
[Round "7"]
[White "Kokholm, Henrik"]
[Black "Christiansen, Peter"]
[Result "0-1"]
[WhiteElo "1000"]
[BlackElo "1450"]
[PlyCount "38"]
[EventDate "2008.??.??"]

1. d4 Nf6 2. c4 g6 3. Nc3 Bg7 4. e4 d6 5. Be2 O-O 6. Bg5 Qe8 7. Nf3 Na6 8. O-O
h6 9. Be3 Ng4 10. Qd2 Nxe3 11. Qxe3 c6 12. a3 Nc7 13. Nd2 Ne6 14. f4 Nxd4 15.
Rac1 c5 16. Rfe1 Nc2 17. Rxc2 Bd4 18. Qxd4 cxd4 19. Nd5 Qd8 0-1